LEADER 01195nam a2200325 u 4500 001 000000046879 003 CaOOAMICUS 005 20070226114825.0 008 990721s1993 it u000 u ita u 020 $a8805053236 035 $a10830472 040 $aPUL(R)$bita 041 1 $aita$hspa 100 1 $aVidal, Marciano.$0(OLS)http://pul/name/34082 240 10$aEtica de la sexualidad.$lItaliano.$0(OLS)http://pul/title/63116 245 10$aEtica della sessualità /$cMarciano Vidal. 260 $aTorino :$bS.E.I.,$c1993. 300 $ax, 260 p. ;$c19 cm 490 1 $aMorale 500 $aContiene indici. 504 $aBibliografia in nota. 650 4$aSesso$xAspetti morali e religiosi.$0(OLS)http://pul/subject/6711 830 0$aMorale (S.E.I.).$0(OLS)http://pul/title/63118 850 $aPUL 852 $aPUL$W1$xSL Religione 1$y3$m39 D 153$j62728$nBK-PRI$b $qStampati$B62728$CPULBib$Z2$F62728 $H $81 941 1 $a8 961 $aINV: 71406 996 $6020$a8805053236$9(OLS)http://pul/number/58463 996 $6245$aEtica della sessualità$9(OLS)http://pul/title/63117 996 $6260$aTorino :$bS.E.I.$9(OLS)http://pul/publisher/50772 LEADER 01080nam a2200277 u 4500 001 000000047575 003 CaOOAMICUS 005 20070226114911.0 008 991130s1996 it u000 u ita u 020 $a8845219933 035 $a10836542 040 $aPUL$bita 100 1 $aBarthes, Roland,$d1915-1980.$0(OLS)http://pul/name/30718 245 13$aLa retorica antica /$cRoland Barthes. 260 $aMilano :$bBompiani,$c1996. 300 $a117 p. ;$c20 cm 490 1 $aSaggi tascabili (Bompiani) ;$v18 504 $aContiene bibliografia in nota. 650 4$aRetorica antica.$0(OLS)http://pul/subject/759 830 0$aSaggi tascabili (Bompiani) ;$v18.$0(OLS)http://pul/title/47676 850 $aPUL 852 $aPUL$W1$xDP1 Cons. Gen., Altre Classi 1$y22$m845 L 46$j63551$nBK-PRI$b $qStampati$B63551$CPULBib$Z2$F63551 $H $81 941 1 $a8 996 $6020$a8845219933$9(OLS)http://pul/number/59472 996 $6245$aLa retorica antica$9(OLS)http://pul/title/64058 996 $6260$aMilano :$bBompiani$9(OLS)http://pul/publisher/48240